Say The Same Thing - Statistics

General Stats
  • This quiz has been taken 11 times
  • The average score is 7 of 15
Answer Stats
Question Answer % Correct
Letter A
100%
Theme park Cedar Point
100%
Garnish Pepper
100%
Band? ACDC
50%
Career Business
50%
State Gas
50%
Candy M&Ms
50%
Youtuber Mr. Beast
50%
Workout Pullups
50%
State Virginia
50%
What brand? Ford
0%
Language Option? French
0%
Pick a Color Green
0%
Phones Samsung
0%
Chips? Tostitos
0%
No matching quizzes found
Score Distribution
Percent of People with Each Score
Percentile by Number Answered
Your Score History
You have not taken this quiz